[Event "DEM U18w 2021"]
[Site "Willingen GER"]
[Date "2021.08.28"]
[Round "8"]
[White "Schmidt, Antonia"]
[Black "Rudolph, Eva"]
[Result "1/2-1/2"]
[Termination "normal"]
[Board "7"]
[WhiteElo "1651"]
[BlackElo "1790"]
[WhiteClock "00:24:21"]
[BlackClock "00:29:15"]
[PlyCount "83"]
[WhiteFideId "16291280"]
[BlackFideId "16200594"]
[EventCountry "GER"]
[EventRounds "9"]
[EventType "swiss"]
[EventDate "2021.08.22"]

1. c4 {[%clk 1:30:58]} c5 {[%clk 1:30:55]} 2. Nc3 {[%clk 1:31:23]} Nf6 {[%clk
1:31:15]} 3. g3 {[%clk 1:31:48]} d5 {[%clk 1:31:40]} 4. cxd5 {[%clk 1:32:06]}
Nxd5 {[%clk 1:32:04]} 5. Bg2 {[%clk 1:32:30]} Nc7 {[%clk 1:32:22]} 6. d3 {[%clk
1:31:20]} e5 {[%clk 1:32:22]} 7. Be3 {[%clk 1:25:59]} Be7 {[%clk 1:30:14]} 8.
Rc1 {[%clk 1:21:37]} Ne6 {[%clk 1:24:48]} 9. Nf3 {[%clk 1:16:18]} Nc6 {[%clk
1:24:43]} 10. O-O {[%clk 1:15:37]} f6 {[%clk 1:19:07]} 11. Nd2 {[%clk 1:11:59]}
O-O {[%clk 1:16:11]} 12. Na4 {[%clk 1:09:51]} Ncd4 {[%clk 1:12:54]} 13. Nb3
{[%clk 1:07:28]} Rb8 {[%clk 0:54:38]} 14. Naxc5 {[%clk 1:03:01]} Qb6 {[%clk
0:35:59]} 15. Na4 {[%clk 0:42:18]} Qa6 {[%clk 0:33:25]} 16. Nc3 {[%clk
0:40:54]} Rd8 {[%clk 0:31:50]} 17. a3 {[%clk 0:35:47]} Qb6 {[%clk 0:27:15]} 18.
Bxd4 {[%clk 0:31:15]} Nxd4 {[%clk 0:25:43]} 19. Nxd4 {[%clk 0:31:17]} Qxd4
{[%clk 0:20:46]} 20. Qb3+ {[%clk 0:26:15]} Kh8 {[%clk 0:20:01]} 21. Qf7 {[%clk
0:22:16]} Qd7 {[%clk 0:16:56]} 22. Nd5 {[%clk 0:17:48]} Bd6 {[%clk 0:16:24]}
23. Qh5 {[%clk 0:17:21]} Qe8 {[%clk 0:13:00]} 24. Qf3 {[%clk 0:17:08]} Be6
{[%clk 0:12:23]} 25. Nc7 {[%clk 0:16:50]} Bxc7 {[%clk 0:10:38]} 26. Rxc7 {[%clk
0:17:18]} Rd7 {[%clk 0:08:51]} 27. Rfc1 {[%clk 0:15:31]} Qd8 {[%clk 0:09:01]}
28. Rxd7 {[%clk 0:14:10]} Qxd7 {[%clk 0:08:27]} 29. Qe3 {[%clk 0:12:32]} b6
{[%clk 0:07:52]} 30. Rc3 {[%clk 0:11:11]} Rc8 {[%clk 0:07:10]} 31. Qc1 {[%clk
0:11:25]} Kg8 {[%clk 0:05:39]} 32. Rxc8+ {[%clk 0:05:35]} Qxc8 {[%clk 0:06:03]}
33. Qxc8+ {[%clk 0:06:04]} Bxc8 {[%clk 0:06:31]} 34. Kf1 {[%clk 0:06:15]} Kf7
{[%clk 0:05:00]} 35. Ke1 {[%clk 0:06:24]} Ke7 {[%clk 0:04:09]} 36. Kd2 {[%clk
0:06:07]} Kd6 {[%clk 0:03:48]} 37. b4 {[%clk 0:02:12]} Be6 {[%clk 0:02:20]} 38.
Kc3 {[%clk 0:01:56]} Bf7 {[%clk 0:01:28]} 39. Be4 {[%clk 0:00:58]} h6 {[%clk
0:01:20]} 40. d4 {[%clk 0:01:19]} exd4+ {[%clk 0:01:03]} 41. Kxd4 {[%clk
0:01:46]} Bb3 {[%clk 0:29:15]} 42. Bd3 {[%clk 0:24:21]} 1/2-1/2

[Event "DEM U18w 2021"]
[Site "Willingen GER"]
[Date "2021.08.28"]
[Round "8"]
[White "Falke, Ornella"]
[Black "Cheredzhiyska, Iva"]
[Result "1-0"]
[Termination "normal"]
[Board "8"]
[WhiteElo "1674"]
[BlackElo "1571"]
[WhiteClock "00:11:35"]
[BlackClock "00:03:40"]
[PlyCount "129"]
[WhiteFideId "16207092"]
[BlackFideId "16241622"]
[EventCountry "GER"]
[EventRounds "9"]
[EventType "swiss"]
[EventDate "2021.08.22"]

1. d4 {[%clk 1:30:51]} d5 {[%clk 1:30:19]} 2. c4 {[%clk 1:31:13]} e6 {[%clk
1:30:46]} 3. Nc3 {[%clk 1:31:31]} Nf6 {[%clk 1:31:05]} 4. cxd5 {[%clk 1:31:40]}
exd5 {[%clk 1:31:20]} 5. Bg5 {[%clk 1:31:47]} Nbd7 {[%clk 1:28:40]} 6. e3
{[%clk 1:29:07]} Be7 {[%clk 1:26:08]} 7. Qc2 {[%clk 1:27:36]} O-O {[%clk
1:24:14]} 8. Bd3 {[%clk 1:27:44]} h6 {[%clk 1:22:54]} 9. Bf4 {[%clk 1:24:11]}
c6 {[%clk 1:22:30]} 10. h3 {[%clk 1:23:36]} Nb6 {[%clk 1:13:27]} 11. Nf3 {[%clk
1:19:20]} Be6 {[%clk 1:08:19]} 12. O-O {[%clk 1:16:30]} Rc8 {[%clk 1:02:33]}
13. Rfb1 {[%clk 1:11:37]} c5 {[%clk 0:55:52]} 14. dxc5 {[%clk 1:10:50]} Bxc5
{[%clk 0:55:07]} 15. Qd1 {[%clk 1:08:30]} Bb4 {[%clk 0:47:35]} 16. Nb5 {[%clk
1:07:19]} a6 {[%clk 0:45:51]} 17. a3 {[%clk 1:06:23]} Be7 {[%clk 0:45:41]} 18.
Nbd4 {[%clk 1:06:39]} Bd6 {[%clk 0:36:38]} 19. Bxd6 {[%clk 1:06:57]} Qxd6
{[%clk 0:37:02]} 20. Nh4 {[%clk 1:05:17]} Nc4 {[%clk 0:32:39]} 21. a4 {[%clk
0:52:37]} Ne5 {[%clk 0:27:35]} 22. Be2 {[%clk 0:45:53]} Ne4 {[%clk 0:25:01]}
23. Qe1 {[%clk 0:42:55]} Nc4 {[%clk 0:24:33]} 24. b3 Ne5 {[%clk 0:23:05]} 25.
Rc1 {[%clk 0:41:06]} Nc6 {[%clk 0:22:42]} 26. Nhf3 {[%clk 0:38:43]} Rc7 {[%clk
0:20:23]} 27. b4 {[%clk 0:36:22]} Rfc8 {[%clk 0:19:56]} 28. b5 {[%clk 0:35:39]}
Nxd4 {[%clk 0:20:09]} 29. Nxd4 {[%clk 0:35:43]} Nc3 {[%clk 0:20:01]} 30. Bd3
{[%clk 0:33:30]} a5 {[%clk 0:19:04]} 31. Rc2 {[%clk 0:30:20]} Qb4 {[%clk
0:16:33]} 32. Qd2 {[%clk 0:23:27]} Bd7 {[%clk 0:15:37]} 33. Rb2 {[%clk
0:20:20]} Qd6 {[%clk 0:15:36]} 34. Bc2 {[%clk 0:11:06]} b6 {[%clk 0:11:26]} 35.
Qd3 {[%clk 0:11:07]} g6 {[%clk 0:11:24]} 36. Bb3 {[%clk 0:09:51]} Rc5 {[%clk
0:10:28]} 37. Rc2 {[%clk 0:08:33]} Ne4 {[%clk 0:06:52]} 38. Rac1 {[%clk
0:08:46]} Rxc2 {[%clk 0:06:15]} 39. Rxc2 {[%clk 0:08:06]} Nc5 {[%clk 0:05:51]}
40. Qd1 {[%clk 0:04:59]} Rd8 {[%clk 0:01:46]} 41. Rc1 {[%clk 0:03:11]} Be8
{[%clk 0:26:47]} 42. Qc2 {[%clk 0:31:28]} f5 {[%clk 0:24:54]} 43. Ne2 {[%clk
0:31:03]} Bf7 {[%clk 0:24:38]} 44. Rd1 {[%clk 0:30:13]} Qe5 {[%clk 0:23:41]}
45. Nd4 {[%clk 0:29:35]} Be8 {[%clk 0:21:20]} 46. Nf3 {[%clk 0:23:26]} Qe6
{[%clk 0:20:51]} 47. Qb2 {[%clk 0:18:49]} Bf7 {[%clk 0:18:42]} 48. Nd2 {[%clk
0:19:01]} Re8 {[%clk 0:13:46]} 49. Qd4 {[%clk 0:18:19]} Rc8 {[%clk 0:13:08]}
50. Rc1 {[%clk 0:17:15]} Re8 {[%clk 0:09:21]} 51. Bd1 {[%clk 0:16:40]} g5
{[%clk 0:07:50]} 52. Nb3 {[%clk 0:15:24]} Nxb3 {[%clk 0:08:05]} 53. Bxb3 {[%clk
0:15:51]} Rd8 {[%clk 0:08:32]} 54. Rc6 {[%clk 0:16:00]} Rd6 {[%clk 0:08:12]}
55. Qxb6 {[%clk 0:15:59]} Rxc6 {[%clk 0:08:20]} 56. bxc6 {[%clk 0:16:04]} Qf6
{[%clk 0:06:06]} 57. Qb8+ {[%clk 0:15:49]} Kg7 {[%clk 0:06:01]} 58. c7 {[%clk
0:15:34]} Qa1+ {[%clk 0:06:13]} 59. Kh2 {[%clk 0:15:59]} Qe5+ {[%clk 0:06:10]}
60. f4 {[%clk 0:13:27]} gxf4 {[%clk 0:04:42]} 61. c8=Q {[%clk 0:13:43]} Qxe3
{[%clk 0:04:37]} 62. Qh8+ {[%clk 0:11:28]} Kg6 {[%clk 0:05:00]} 63. Qd6+ {[%clk
0:11:51]} Be6 {[%clk 0:04:50]} 64. Qde5 {[%clk 0:11:15]} Qg3+ {[%clk 0:03:40]}
65. Kh1 {[%clk 0:11:35]} 1-0

[Event "DEM U18w 2021"]
[Site "Willingen GER"]
[Date "2021.08.28"]
[Round "8"]
[White "Jacoby, Angelina"]
[Black "Trams, Emma Joe"]
[Result "1/2-1/2"]
[Termination "normal"]
[Board "9"]
[WhiteElo "1594"]
[BlackElo "1466"]
[WhiteClock "00:06:48"]
[BlackClock "01:09:03"]
[PlyCount "44"]
[WhiteFideId "12999008"]
[BlackFideId "16206517"]
[EventCountry "GER"]
[EventRounds "9"]
[EventType "swiss"]
[EventDate "2021.08.22"]

1. d4 {[%clk 1:30:51]} d5 {[%clk 1:30:55]} 2. Bf4 {[%clk 1:31:14]} Bf5 {[%clk
1:31:13]} 3. e3 {[%clk 1:31:22]} e6 {[%clk 1:31:35]} 4. Nf3 {[%clk 1:30:38]}
Bd6 {[%clk 1:30:48]} 5. Bg3 {[%clk 1:30:42]} Nf6 {[%clk 1:29:56]} 6. Bd3 {[%clk
1:25:17]} Bxg3 {[%clk 1:29:07]} 7. hxg3 {[%clk 1:25:34]} Bxd3 {[%clk 1:28:57]}
8. Qxd3 {[%clk 1:25:32]} Nbd7 {[%clk 1:27:11]} 9. Nbd2 {[%clk 1:24:50]} Nb6
{[%clk 1:25:47]} 10. Ne5 {[%clk 1:20:40]} Qe7 {[%clk 1:25:00]} 11. c3 {[%clk
1:09:58]} c6 {[%clk 1:22:41]} 12. g4 {[%clk 0:59:23]} g6 {[%clk 1:18:59]} 13.
O-O-O {[%clk 0:54:36]} O-O-O {[%clk 1:18:17]} 14. f4 {[%clk 0:33:41]} Nbd7
{[%clk 1:16:39]} 15. Nxd7 {[%clk 0:23:17]} Qxd7 {[%clk 1:15:57]} 16. g5 {[%clk
0:19:51]} Ng4 {[%clk 1:14:32]} 17. Qe2 {[%clk 0:19:52]} h5 {[%clk 1:14:30]} 18.
gxh6 {[%clk 0:18:01]} Nxh6 {[%clk 1:14:16]} 19. Nf3 {[%clk 0:11:26]} Nf5 {[%clk
1:12:47]} 20. Qf2 {[%clk 0:10:58]} Nd6 {[%clk 1:10:30]} 21. Ne5 {[%clk
0:06:50]} Ne4 {[%clk 1:10:17]} 22. Qf3 {[%clk 0:06:48]} Qe7 {[%clk 1:09:03]}
1/2-1/2

[Event "DEM U18w 2021"]
[Site "Willingen GER"]
[Date "2021.08.28"]
[Round "8"]
[White "Peschel, Julia"]
[Black "Biermann, Sophie"]
[Result "1-0"]
[Termination "normal"]
[Board "10"]
[WhiteElo "1410"]
[BlackElo "1652"]
[WhiteClock "00:28:19"]
[BlackClock "00:25:29"]
[PlyCount "95"]
[WhiteFideId "16255593"]
[BlackFideId "16208960"]
[EventCountry "GER"]
[EventRounds "9"]
[EventType "swiss"]
[EventDate "2021.08.22"]

1. e4 {[%clk 1:30:58]} d5 {[%clk 1:30:54]} 2. exd5 {[%clk 1:31:19]} Nf6 {[%clk
1:31:10]} 3. Nc3 {[%clk 1:31:13]} Nxd5 {[%clk 1:30:50]} 4. Bc4 {[%clk 1:29:51]}
Nb6 {[%clk 1:21:10]} 5. Bb3 {[%clk 1:30:07]} Nc6 {[%clk 1:19:45]} 6. Nf3 {[%clk
1:22:54]} Nd4 {[%clk 1:14:21]} 7. Nxd4 {[%clk 1:14:25]} Qxd4 {[%clk 1:14:12]}
8. O-O {[%clk 1:14:16]} Bg4 {[%clk 1:06:53]} 9. Qe1 {[%clk 1:14:13]} e6 {[%clk
1:03:40]} 10. d3 {[%clk 1:13:00]} Bb4 {[%clk 0:57:37]} 11. Be3 {[%clk 1:05:36]}
Qd7 {[%clk 0:54:15]} 12. Bxb6 {[%clk 1:00:21]} cxb6 {[%clk 0:46:30]} 13. a3
{[%clk 0:46:29]} Bxc3 {[%clk 0:41:16]} 14. Qxc3 {[%clk 0:46:41]} O-O {[%clk
0:41:12]} 15. Rfe1 {[%clk 0:44:57]} Rac8 {[%clk 0:39:39]} 16. Qb4 {[%clk
0:38:33]} Bf5 {[%clk 0:39:05]} 17. Re3 {[%clk 0:37:05]} Rc5 {[%clk 0:37:00]}
18. Rae1 {[%clk 0:36:04]} Rfc8 {[%clk 0:35:49]} 19. g4 {[%clk 0:33:50]} Bg6
{[%clk 0:32:25]} 20. Rxe6 {[%clk 0:33:33]} Rg5 {[%clk 0:20:38]} 21. h4 {[%clk
0:29:19]} Bf5 {[%clk 0:19:48]} 22. hxg5 {[%clk 0:23:24]} Bxe6 {[%clk 0:19:59]}
23. Bxe6 {[%clk 0:23:24]} fxe6 {[%clk 0:20:16]} 24. Re2 {[%clk 0:17:36]} Rc5
{[%clk 0:11:36]} 25. f4 {[%clk 0:15:38]} g6 {[%clk 0:08:34]} 26. Qe4 {[%clk
0:15:32]} Kf7 {[%clk 0:07:43]} 27. c4 {[%clk 0:12:59]} Rc8 {[%clk 0:06:32]} 28.
Rf2 {[%clk 0:10:25]} Re8 {[%clk 0:04:41]} 29. b3 Kg8 {[%clk 0:02:45]} 30. Re2
{[%clk 0:05:25]} Kf7 {[%clk 0:02:53]} 31. d4 {[%clk 0:05:36]} Re7 {[%clk
0:02:25]} 32. Kg2 {[%clk 0:05:32]} Qc6 {[%clk 0:01:36]} 33. d5 {[%clk 0:05:19]}
Qd7 {[%clk 0:01:59]} 34. dxe6+ {[%clk 0:03:53]} Rxe6 {[%clk 0:02:17]} 35. Qxe6+
{[%clk 0:04:14]} Qxe6 {[%clk 0:02:41]} 36. Rxe6 {[%clk 0:04:37]} Kxe6 {[%clk
0:03:07]} 37. Kf3 {[%clk 0:05:01]} Kf7 {[%clk 0:01:18]} 38. Ke4 {[%clk
0:05:16]} Ke7 {[%clk 0:00:55]} 39. Ke5 {[%clk 0:05:33]} a6 {[%clk 0:01:07]} 40.
f5 {[%clk 0:05:33]} Kf7 {[%clk 0:00:49]} 41. Kd6 {[%clk 0:29:01]} Kg8 {[%clk
0:26:26]} 42. Ke7 {[%clk 0:29:12]} h5 {[%clk 0:25:41]} 43. gxh6 {[%clk
0:29:26]} Kh7 {[%clk 0:25:29]} 44. fxg6+ {[%clk 0:27:35]} Kxg6 {[%clk 0:25:21]}
45. g5 {[%clk 0:27:25]} b5 {[%clk 0:25:21]} 46. cxb5 {[%clk 0:27:43]} axb5
{[%clk 0:25:26]} 47. Kd6 {[%clk 0:28:06]} Kh7 {[%clk 0:25:29]} 48. Kc5 {[%clk
0:28:19]} 1-0

[Event "DEM U18w 2021"]
[Site "Willingen GER"]
[Date "2021.08.28"]
[Round "8"]
[White "Zell, Hannah"]
[Black "Schilay, Maria"]
[Result "1/2-1/2"]
[Termination "normal"]
[Board "11"]
[WhiteElo "1614"]
[BlackElo "1481"]
[WhiteClock "00:25:10"]
[BlackClock "00:29:07"]
[PlyCount "41"]
[WhiteFideId "16208900"]
[BlackFideId "12942979"]
[EventCountry "GER"]
[EventRounds "9"]
[EventType "swiss"]
[EventDate "2021.08.22"]

1. e4 {[%clk 1:30:57]} e5 {[%clk 1:30:49]} 2. Nf3 {[%clk 1:31:13]} Nc6 {[%clk
1:30:53]} 3. Bb5 {[%clk 1:31:20]} a6 {[%clk 1:30:23]} 4. Ba4 {[%clk 1:31:43]}
b5 {[%clk 1:28:50]} 5. Bb3 {[%clk 1:32:05]} Nf6 {[%clk 1:28:43]} 6. O-O {[%clk
1:28:58]} Be7 {[%clk 1:28:08]} 7. Re1 {[%clk 1:28:26]} Bb7 {[%clk 1:27:38]} 8.
c3 {[%clk 1:27:30]} O-O {[%clk 1:25:35]} 9. d4 {[%clk 1:22:58]} exd4 {[%clk
1:23:38]} 10. cxd4 {[%clk 1:22:33]} d6 {[%clk 1:22:58]} 11. Nbd2 {[%clk
1:12:46]} h6 {[%clk 1:02:57]} 12. Nf1 {[%clk 1:11:49]} Na5 {[%clk 0:57:53]} 13.
Bc2 {[%clk 1:12:06]} c5 {[%clk 0:54:55]} 14. Ng3 {[%clk 1:09:49]} Re8 {[%clk
0:51:04]} 15. d5 {[%clk 0:46:12]} Nc4 {[%clk 0:44:37]} 16. Bd3 {[%clk 0:41:20]}
Nb6 {[%clk 0:44:09]} 17. h3 {[%clk 0:36:19]} Bf8 {[%clk 0:41:30]} 18. Nh2
{[%clk 0:31:28]} Nbd7 {[%clk 0:38:40]} 19. f4 {[%clk 0:26:12]} c4 {[%clk
0:30:28]} 20. Bc2 {[%clk 0:26:02]} Nc5 {[%clk 0:29:07]} 21. Nf3 {[%clk
0:25:10]} 1/2-1/2

[Event "DEM U18w 2021"]
[Site "Willingen GER"]
[Date "2021.08.29"]
[Round "9"]
[White "Müdder, Melanie"]
[Black "Basovskiy, Jana"]
[Result "0-1"]
[Termination "normal"]
[Board "1"]
[WhiteElo "1959"]
[BlackElo "1784"]
[WhiteClock "00:35:02"]
[BlackClock "00:36:16"]
[PlyCount "30"]
[WhiteFideId "12994103"]
[BlackFideId "16208617"]
[EventCountry "GER"]
[EventRounds "9"]
[EventType "swiss"]
[EventDate "2021.08.22"]

1. e4 {[%clk 1:30:58]} c5 {[%clk 1:30:56]} 2. Nf3 {[%clk 1:31:19]} Nc6 {[%clk
1:31:21]} 3. d4 {[%clk 1:31:30]} cxd4 {[%clk 1:31:45]} 4. Nxd4 {[%clk 1:31:49]}
e5 {[%clk 1:32:05]} 5. Nb5 {[%clk 1:31:19]} a6 {[%clk 1:32:23]} 6. Nd6+ {[%clk
1:31:10]} Bxd6 {[%clk 1:32:45]} 7. Qxd6 {[%clk 1:31:33]} Qf6 {[%clk 1:33:11]}
8. Qd1 {[%clk 1:31:43]} Qg6 {[%clk 1:33:32]} 9. Qf3 {[%clk 1:19:41]} Nd4 {[%clk
1:24:25]} 10. Qd3 {[%clk 1:16:04]} d5 {[%clk 1:22:48]} 11. c3 {[%clk 1:04:01]}
dxe4 {[%clk 1:17:11]} 12. Qd1 {[%clk 0:57:52]} Bg4 {[%clk 0:55:36]} 13. f3
{[%clk 0:46:08]} exf3 {[%clk 0:55:31]} 14. gxf3 {[%clk 0:38:38]} Bxf3 {[%clk
0:45:52]} 15. Bd3 {[%clk 0:35:02]} Qg2 {[%clk 0:36:16]} 0-1

[Event "DEM U18w 2021"]
[Site "Willingen GER"]
[Date "2021.08.29"]
[Round "9"]
[White "Peglau, Sarah"]
[Black "Peglau, Dora"]
[Result "1-0"]
[Termination "normal"]
[Board "2"]
[WhiteElo "1888"]
[BlackElo "1906"]
[WhiteClock "00:06:22"]
[BlackClock "00:17:53"]
[PlyCount "63"]
[WhiteFideId "16219961"]
[BlackFideId "16220005"]
[EventCountry "GER"]
[EventRounds "9"]
[EventType "swiss"]
[EventDate "2021.08.22"]

1. d4 {[%clk 1:30:57]} d5 {[%clk 1:30:42]} 2. c4 {[%clk 1:31:22]} e6 {[%clk
1:30:47]} 3. Nc3 {[%clk 1:31:48]} Nf6 {[%clk 1:31:07]} 4. Bf4 {[%clk 1:32:01]}
c5 {[%clk 1:30:48]} 5. e3 {[%clk 1:31:31]} cxd4 {[%clk 1:20:21]} 6. exd4 {[%clk
1:31:37]} Bd6 {[%clk 1:18:43]} 7. Bg5 {[%clk 1:26:45]} Be7 {[%clk 1:16:10]} 8.
Nf3 {[%clk 1:23:04]} O-O {[%clk 1:15:17]} 9. Rc1 {[%clk 1:09:33]} Nc6 {[%clk
1:15:01]} 10. a3 {[%clk 1:02:26]} a6 {[%clk 1:12:00]} 11. c5 {[%clk 0:55:37]}
Ne4 {[%clk 1:02:02]} 12. Bf4 {[%clk 0:53:39]} Nxc3 {[%clk 1:00:38]} 13. Rxc3
{[%clk 0:53:18]} a5 {[%clk 0:58:19]} 14. Qb1 {[%clk 0:41:02]} a4 {[%clk
0:55:39]} 15. Bd3 {[%clk 0:35:48]} f5 {[%clk 0:46:25]} 16. Bc2 {[%clk 0:28:51]}
Bf6 {[%clk 0:43:09]} 17. Qd1 {[%clk 0:28:43]} Qa5 {[%clk 0:40:45]} 18. Qd3
{[%clk 0:26:14]} Nxd4 {[%clk 0:33:43]} 19. Nxd4 {[%clk 0:25:21]} e5 {[%clk
0:33:52]} 20. Bxe5 {[%clk 0:22:06]} Bxe5 {[%clk 0:34:14]} 21. O-O {[%clk
0:17:38]} Bd7 {[%clk 0:27:00]} 22. Nxf5 {[%clk 0:08:34]} Bxf5 {[%clk 0:23:21]}
23. Qxd5+ {[%clk 0:08:51]} Kh8 {[%clk 0:23:40]} 24. Qxe5 {[%clk 0:09:06]} Rae8
{[%clk 0:22:52]} 25. Qd4 {[%clk 0:08:20]} Bxc2 {[%clk 0:19:33]} 26. Rxc2 {[%clk
0:08:49]} Re1 {[%clk 0:19:18]} 27. Qb4 {[%clk 0:08:34]} Rxf1+ {[%clk 0:19:26]}
28. Kxf1 {[%clk 0:09:03]} Qa6+ {[%clk 0:18:38]} 29. Qc4 {[%clk 0:09:31]} Qh6
{[%clk 0:18:29]} 30. h3 {[%clk 0:09:25]} Qh5 {[%clk 0:18:38]} 31. Qe2 {[%clk
0:08:52]} Qf7 {[%clk 0:17:53]} 32. Rc3 {[%clk 0:06:22]} 1-0

[Event "DEM U18w 2021"]
[Site "Willingen GER"]
[Date "2021.08.29"]
[Round "9"]
[White "Wagner, Victoria"]
[Black "Garbuz, Nicole"]
[Result "1/2-1/2"]
[Termination "normal"]
[Board "3"]
[WhiteElo "1657"]
[BlackElo "1695"]
[WhiteClock "00:19:54"]
[BlackClock "00:11:13"]
[PlyCount "87"]
[WhiteFideId "16232348"]
[BlackFideId "12990701"]
[EventCountry "GER"]
[EventRounds "9"]
[EventType "swiss"]
[EventDate "2021.08.22"]

1. e4 {[%clk 1:30:57]} e5 {[%clk 1:30:56]} 2. Nf3 {[%clk 1:31:22]} Nc6 {[%clk
1:31:22]} 3. Bb5 {[%clk 1:31:43]} a6 {[%clk 1:31:43]} 4. Ba4 {[%clk 1:32:08]}
Nf6 {[%clk 1:31:53]} 5. d4 {[%clk 1:32:12]} exd4 {[%clk 1:27:24]} 6. O-O {[%clk
1:30:16]} Be7 {[%clk 1:20:06]} 7. e5 {[%clk 1:29:04]} Ne4 {[%clk 1:12:00]} 8.
Nxd4 {[%clk 1:26:19]} O-O {[%clk 0:48:18]} 9. Nf5 {[%clk 1:20:55]} Ng5 {[%clk
0:41:35]} 10. Bxg5 {[%clk 1:05:04]} Bxg5 {[%clk 0:41:56]} 11. f4 {[%clk
1:05:23]} g6 {[%clk 0:31:47]} 12. fxg5 {[%clk 0:53:56]} gxf5 {[%clk 0:32:04]}
13. Bb3 {[%clk 0:53:37]} Nxe5 {[%clk 0:22:19]} 14. Qh5 {[%clk 0:44:34]} d5
{[%clk 0:16:56]} 15. Nc3 {[%clk 0:39:33]} c6 {[%clk 0:16:39]} 16. Rad1 {[%clk
0:35:51]} Qd6 {[%clk 0:13:32]} 17. Bxd5 {[%clk 0:28:23]} Qg6 {[%clk 0:10:03]}
18. Qxg6+ {[%clk 0:27:22]} hxg6 {[%clk 0:09:53]} 19. Bb3 {[%clk 0:27:33]} Kg7
{[%clk 0:07:42]} 20. Na4 {[%clk 0:23:40]} Nd7 {[%clk 0:02:49]} 21. a3 {[%clk
0:18:13]} b5 {[%clk 0:03:10]} 22. Nc3 {[%clk 0:18:36]} Nc5 {[%clk 0:03:28]} 23.
Ba2 {[%clk 0:18:50]} Be6 {[%clk 0:03:34]} 24. Rfe1 {[%clk 0:10:29]} Bxa2 {[%clk
0:03:51]} 25. Nxa2 {[%clk 0:10:55]} Ne4 {[%clk 0:03:36]} 26. Nb4 {[%clk
0:09:54]} c5 {[%clk 0:03:36]} 27. Nd3 {[%clk 0:09:46]} c4 {[%clk 0:03:12]} 28.
Nf4 {[%clk 0:07:37]} Nxg5 {[%clk 0:03:13]} 29. Rd7 {[%clk 0:06:55]} Rfd8 {[%clk
0:02:53]} 30. Red1 {[%clk 0:06:30]} Rxd7 {[%clk 0:03:14]} 31. Rxd7 {[%clk
0:06:55]} Kf8 {[%clk 0:02:45]} 32. Nd5 {[%clk 0:06:04]} Re8 {[%clk 0:02:17]}
33. Kf1 {[%clk 0:06:12]} Ne4 {[%clk 0:02:13]} 34. Nc7 {[%clk 0:05:27]} Re7
{[%clk 0:00:58]} 35. Rxe7 {[%clk 0:05:24]} Kxe7 {[%clk 0:01:24]} 36. Nxa6
{[%clk 0:05:47]} Kd6 {[%clk 0:01:27]} 37. Ke2 {[%clk 0:04:21]} Nf6 {[%clk
0:01:44]} 38. Nb4 {[%clk 0:03:40]} Ng4 {[%clk 0:01:55]} 39. h3 {[%clk 0:03:51]}
Nf6 {[%clk 0:02:11]} 40. Ke3 {[%clk 0:01:26]} Ne4 {[%clk 0:01:39]} 41. Na2
{[%clk 0:00:58]} Ke5 {[%clk 0:24:15]} 42. Nb4 {[%clk 0:29:01]} f4+ {[%clk
0:21:42]} 43. Kf3 {[%clk 0:27:09]} Ng5+ {[%clk 0:11:13]} 44. Ke2 {[%clk
0:19:54]} 1/2-1/2

[Event "DEM U18w 2021"]
[Site "Willingen GER"]
[Date "2021.08.29"]
[Round "9"]
[White "Schneider, Katharina"]
[Black "Bui, Ngoc Han Julia"]
[Result "1-0"]
[Termination "normal"]
[Board "4"]
[WhiteElo "1738"]
[BlackElo "1891"]
[WhiteClock "00:07:44"]
[BlackClock "00:12:33"]
[PlyCount "51"]
[WhiteFideId "16200519"]
[BlackFideId "12977055"]
[EventCountry "GER"]
[EventRounds "9"]
[EventType "swiss"]
[EventDate "2021.08.22"]

1. e4 {[%clk 1:30:58]} c5 {[%clk 1:30:53]} 2. c3 {[%clk 1:31:25]} d6 {[%clk
1:31:20]} 3. d4 {[%clk 1:29:59]} Nd7 {[%clk 1:31:46]} 4. Nf3 {[%clk 1:29:19]}
e6 {[%clk 1:31:37]} 5. Be3 {[%clk 1:23:35]} b6 {[%clk 1:31:54]} 6. Nbd2 {[%clk
1:21:47]} Bb7 {[%clk 1:31:45]} 7. Qc2 {[%clk 1:19:32]} Be7 {[%clk 1:31:07]} 8.
Bd3 {[%clk 1:16:19]} Rc8 {[%clk 1:31:24]} 9. O-O {[%clk 1:09:52]} cxd4 {[%clk
1:29:10]} 10. Nxd4 {[%clk 1:09:15]} Ngf6 {[%clk 1:28:01]} 11. f4 {[%clk
0:57:36]} Ng4 {[%clk 1:17:49]} 12. Rae1 {[%clk 0:47:51]} h5 {[%clk 1:05:00]}
13. N2f3 {[%clk 0:37:51]} Nxe3 {[%clk 1:02:01]} 14. Rxe3 {[%clk 0:38:10]} a6
{[%clk 0:57:29]} 15. e5 {[%clk 0:21:45]} Nc5 {[%clk 0:36:56]} 16. f5 {[%clk
0:13:19]} dxe5 {[%clk 0:31:25]} 17. Nxe5 {[%clk 0:09:20]} Nxd3 {[%clk 0:30:00]}
18. Rxd3 {[%clk 0:07:58]} Bc5 {[%clk 0:27:46]} 19. Qe2 {[%clk 0:07:37]} Qe7
{[%clk 0:21:12]} 20. Kh1 {[%clk 0:07:08]} Bxd4 {[%clk 0:20:13]} 21. Rxd4 {[%clk
0:07:32]} exf5 {[%clk 0:14:32]} 22. Rxf5 {[%clk 0:07:47]} f6 {[%clk 0:14:05]}
23. Rxh5 {[%clk 0:07:50]} O-O {[%clk 0:12:57]} 24. Rd7 {[%clk 0:07:05]} Qe8
{[%clk 0:12:10]} 25. Rxg7+ {[%clk 0:07:19]} Kxg7 {[%clk 0:12:33]} 26. Qg4+
{[%clk 0:07:44]} 1-0

[Event "DEM U18w 2021"]
[Site "Willingen GER"]
[Date "2021.08.29"]
[Round "9"]
[White "Stowicek, Yara Mathilda"]
[Black "Peschel, Julia"]
[Result "1-0"]
[Termination "normal"]
[Board "6"]
[WhiteElo "1823"]
[BlackElo "1410"]
[WhiteClock "00:48:20"]
[BlackClock "00:17:32"]
[PlyCount "49"]
[WhiteFideId "16203569"]
[BlackFideId "16255593"]
[EventCountry "GER"]
[EventRounds "9"]
[EventType "swiss"]
[EventDate "2021.08.22"]

1. e4 {[%clk 1:30:56]} e5 {[%clk 1:30:53]} 2. Nf3 {[%clk 1:31:21]} Nc6 {[%clk
1:31:06]} 3. Bc4 {[%clk 1:31:41]} Bc5 {[%clk 1:31:21]} 4. c3 {[%clk 1:31:58]}
Nf6 {[%clk 1:31:39]} 5. d3 {[%clk 1:32:11]} a6 {[%clk 1:31:46]} 6. Bb3 {[%clk
1:32:24]} Ba7 {[%clk 1:32:05]} 7. Nbd2 {[%clk 1:31:55]} d6 {[%clk 1:32:19]} 8.
O-O {[%clk 1:32:08]} h6 {[%clk 1:32:13]} 9. Re1 {[%clk 1:27:52]} Qe7 {[%clk
1:22:55]} 10. Nf1 {[%clk 1:27:42]} O-O {[%clk 1:22:32]} 11. Ng3 {[%clk
1:19:37]} Be6 {[%clk 1:21:46]} 12. Bc2 {[%clk 1:19:43]} Ng4 {[%clk 1:16:31]}
13. d4 {[%clk 1:12:57]} exd4 {[%clk 1:02:43]} 14. cxd4 {[%clk 1:13:11]} Bd7
{[%clk 1:00:09]} 15. h3 {[%clk 1:12:44]} Nf6 {[%clk 1:00:02]} 16. e5 {[%clk
1:07:17]} Nd5 {[%clk 0:54:01]} 17. Qd3 {[%clk 1:06:29]} g6 {[%clk 0:48:40]} 18.
a3 {[%clk 0:55:30]} h5 {[%clk 0:27:13]} 19. Bg5 {[%clk 0:53:27]} Qe6 {[%clk
0:22:17]} 20. Nxh5 {[%clk 0:51:11]} Qf5 {[%clk 0:22:08]} 21. Qd2 {[%clk
0:50:31]} Qe6 {[%clk 0:21:52]} 22. Nf6+ {[%clk 0:49:19]} Kh8 {[%clk 0:17:16]}
23. Nxd5 {[%clk 0:47:51]} Qxd5 {[%clk 0:17:16]} 24. Bf6+ {[%clk 0:48:14]} Kh7
{[%clk 0:17:32]} 25. Qg5 {[%clk 0:48:20]} 1-0